| 000 | 01329ngm a22004810a 4500 | ||
|---|---|---|---|
| 001 | PT43744 | ||
| 003 | AR-LpoUNG | ||
| 005 | 20210201232342.0 | ||
| 007 | co ||u|||uuuuu | ||
| 008 | 191001s2011||||ec |||||||||||||||||spa d | ||
| 040 |
_aAR-LpoUNG _bspa _cAR-LpoUNG _eaacr |
||
| 041 | _aspa | ||
| 044 | _aec | ||
| 082 | 0 | _a306 373coo | |
| 100 | 1 | _aÁlvarez González, Freddy Javier | |
| 245 | 1 | 0 |
_aCooperación internacional e interculturalidad : _bhuellas de una función fallida |
| 260 |
_aQuito : _bCentro de Investigaciones CIUDAD, _c2011. |
||
| 505 | 0 | _aAcompaña al impreso | |
| 650 | 4 | _aANALISIS SOCIOLOGICO | |
| 650 | 4 | _aANALISIS TRANSCULTURAL | |
| 650 | 4 | _aASPECTOS ECONOMICOS | |
| 650 | 4 | _aCAMBIO CULTURAL | |
| 650 | 4 | _aCAPITALISMO | |
| 650 | 4 | _aCOOPERACION CULTURAL | |
| 650 | 4 | _aCOOPERACION INTERNACIONAL | |
| 650 | 4 | _aCRECIMIENTO ECONOMICO | |
| 650 | 4 | _aCULTURA | |
| 650 | 4 | _aECONOMIA DE LA CULTURA | |
| 650 | 4 | _aECONOMIA DEL DESARROLLO | |
| 650 | 4 | _aECUADOR | |
| 650 | 4 | _aGLOBALIZACION | |
| 650 | 4 | _aIDENTIDAD CULTURAL | |
| 650 | 4 | _aPOLITICA | |
| 650 | 4 | _aPOLITICA CULTURAL | |
| 650 | 4 | _aSOCIEDAD | |
| 651 | 4 | _aEcuador | |
| 653 | _aECONOMIA SOCIAL | ||
| 653 | _aECONOMIA SOLIDARIA | ||
| 653 | _aINTERCULTURALIDAD | ||
| 653 | _aMAES | ||
| 905 | _a43744 | ||
| 942 | _cCDDVD | ||
| 999 |
_c53451 _d53451 |
||